000 01115nmc a2200361 a 4500
003 AR-BaBNM
005 20251128204924.0
008 016019s1990 ||||||||||||||000 | spa||
020 _a84-277-0950-1
040 _cAR-BaBNM
111 2 _aJornadas Universidad para los '90
_cMadrid
_d1990
245 1 0 _aLa función social de la universidad
_bjornadas "Universidad para los 90"
260 _aMadrid
_bNarcea
_c1990
300 0 _a136 p.
_bdiagr.
490 0 _aEducación hoy
504 _aLa bibliografía se encuentra al final de cada capítulo
650 4 _aENSENANZA UNIVERSITARIA
650 4 _aFUTURO DE LA EDUCACION
650 4 _aPAPEL DE LA UNIVERSIDAD
650 4 _aPOLITICA DE INVESTIGACION
650 4 _aINVESTIGACION Y DESARROLLO
650 4 _aPOLITICA CIENTIFICA
650 4 _aUNIDADES DE ENSENANZA E INVESTIGACION
650 4 _aFORMACION CIENTIFICA
650 4 _aDIVULGACION CIENTIFICA
651 4 _aEspaña
700 1 _aLópez Franco, Eloísa
700 1 _aFernández Ochoa, Carmen
700 1 _aFlecha, Consuelo
700 1 _aTorres, Isabel
942 _cBK
998 _csilvi
999 _c9341
_d9341